Statistics for The 50 Words in Green Eggs and Ham

Click here to take the quiz!

General Stats

  • This quiz has been taken 149 times
  • The average score is 27 of 50

Answer Stats

word% Correct
a
100%
eggs
100%
ham
99%
green
97%
I
97%
am
90%
and
90%
Sam
90%
do
89%
the
86%
not
85%
like
78%
in
73%
them
70%
you
64%
be
62%
eat
59%
on
55%
will
55%
train
53%
would
53%
could
51%
house
51%
boat
49%
there
49%
me
48%
mouse
47%
with
45%
car
44%
fox
44%
so
42%
are
41%
box
41%
goat
40%
here
37%
rain
37%
anywhere
36%
if
34%
that
34%
or
32%
tree
32%
let
30%
try
29%
they
27%
dark
25%
say
25%
see
25%
good
21%
thank
16%
may
12%

Score Distribution

Percentile by Number Answered

Percent of People with Each Score

Your Score History

You have not taken this quiz